Welcome to CU Library Online Public Access Catalogue (OPAC)

The New religious consciousness / (Record no. 7331)

MARC details
000 -LEADER
fixed length control field 00792cam a2200229 i 4500
001 - CONTROL NUMBER
control field 799663
005 - DATE AND TIME OF LATEST TRANSACTION
control field 20250821145849.0
008 - FIXED-LENGTH DATA ELEMENTS--GENERAL INFORMATION
fixed length control field 760904s1976 cau b 001 0 eng
020 ## - INTERNATIONAL STANDARD BOOK NUMBER
International Standard Book Number 0520030834 :
Terms of availability $14.95
020 ## - INTERNATIONAL STANDARD BOOK NUMBER
International Standard Book Number 9780520030831
050 00 - LIBRARY OF CONGRESS CALL NUMBER
Classification number BL98
Item number .N48
082 00 - DEWEY DECIMAL CLASSIFICATION NUMBER
Classification number 301.5/8
245 04 - TITLE STATEMENT
Title The New religious consciousness /
Statement of responsibility, etc. edited by Charles Y. Glock and Robert N. Bellah ; with contributions by Randall H. Alfred ... [et al.] ; foreword by P.J. Philip.
260 ## - PUBLICATION, DISTRIBUTION, ETC.
Place of publication, distribution, etc. Berkeley :
Name of publisher, distributor, etc. University of California Press,
Date of publication, distribution, etc. c1976.
300 ## - PHYSICAL DESCRIPTION
Extent xvii, 391 p. ;
Dimensions 25 cm.
650 #0 - SUBJECT ADDED ENTRY--TOPICAL TERM
Topical term or geographic name entry element Religions.
650 #0 - SUBJECT ADDED ENTRY--TOPICAL TERM
Topical term or geographic name entry element Youth
General subdivision Religious life.
700 1# - ADDED ENTRY--PERSONAL NAME
Personal name Glock, Charles Y.
700 1# - ADDED ENTRY--PERSONAL NAME
Personal name Bellah, Robert N.
Fuller form of name (Robert Neelly),
Dates associated with a name 1927-2013.
700 1# - ADDED ENTRY--PERSONAL NAME
Personal name Alfred, Randy
Fuller form of name (Randall)
942 ## - ADDED ENTRY ELEMENTS (KOHA)
Source of classification or shelving scheme Library of Congress Classification
Koha item type Books
Suppress in OPAC No
999 ## -
-- 7331
-- 7331
Holdings
Withdrawn status Lost status Source of classification or shelving scheme Damaged status Not for loan Collection Home library Current library Shelving location Date acquired Total checkouts Full call number Barcode Date last seen Copy number Price effective from Koha item type
    Library of Congress Classification     Non-fiction Undergraduate Library (Christ Temple) Undergraduate Library (Christ Temple) General stacks 08/21/2025   BL 425 NEW ulct00004413 08/21/2025 1 08/21/2025 Books
© 2023-2024 Copyright: Central University Libraries. All Rights Reserved | Created by: Mahone Tech Office